000 00492nam a2200181Ia 4500
003 GCL
008 140319s9999 xx 000 0 eng d
040 _aGCL /
_cGCL
082 0 4 _a949.5
_bR F
100 1 _aRUNCIMAN, SIR S.
245 1 0 _aTHE FALL OF CONSTANTINOPLE 1453 /
_cRUNCIMAN, SIR S.
260 _a[S.N] :
_bCAMBRIBGE UNIVERSITY PRESS ،
_c1991
300 _a256 P
650 0 4 _aBYZANTIUM EMPIRE - HISTORY
650 0 4 _aROMAN EMPIRE
650 0 4 _aCONSTANTIAPLE
942 _2ddc
_cBK
999 _c17526
_d17526